000 00888pam a2200301 a 4500
999 _c2316
_d2316
001 012976339
003 Uk
005 20230413105638.0
008 040816s2004 enka j 000 1 eng
015 _aGBA461077
_2bnb
016 7 _a012976339
_2Uk
020 _a0746064179 :
040 _aStDuBDS
_dUk
_dKH8
_cBL
042 _aukblsr
082 0 4 _a823.914 DAV
_222
100 1 _aDavidson, Susanna.
_eAuthor
245 1 0 _aCinderella /
_cretold by Susanna Davidson ; illustrated by Fabiano Fiorin.
260 _aLondon :
_bUsborne,
_c2004.
300 _a48 p. :
_bcol. ill. ;
_c21 cm.
336 _atext
_2rdacontent
337 _aunmediated
_2rdamedia
338 _avolume
_2rdacarrier
500 _aFormerly CIP.
_5Uk
650 0 _aCinderella (Legendary character)
_vJuvenile fiction.
655 7 _aFairy tales.
_2gsafd
700 1 _aFiorin, Fabiano.
_eIllustrator
942 _2ddc
_cFIC